Study on change of some characters and morphology of polyethylene compound exposed naturally in Dong Hoi-Quang Binh /
Zapisane w:
| 1. autor: | |
|---|---|
| Kolejni autorzy: | , , , , , , , |
| Format: | Artykuł |
| Język: | Vietnamese |
| Hasła przedmiotowe: | |
| Etykiety: |
Dodaj etykietę
Nie ma etykietki, Dołącz pierwszą etykiete!
|
| Thư viện lưu trữ: | Thư viện Trường Đại học Đà Lạt |
|---|
| LEADER | 01141nam a2200397 4500 | ||
|---|---|---|---|
| 001 | DLU180000049 | ||
| 005 | ##20180525 | ||
| 040 | # | # | |a DLU |b vie |
| 041 | # | # | |a vie |
| 044 | # | # | |a vn |
| 100 | # | # | |a Le Duc Minh. |
| 245 | # | # | |a Study on change of some characters and morphology of polyethylene compound exposed naturally in Dong Hoi-Quang Binh / |c Le Duc Minh, ...[et al.]. |
| 653 | # | # | |a HDPE |
| 653 | # | # | |a Morphology |
| 653 | # | # | |a Natural exposure |
| 653 | # | # | |a Photo-degradation |
| 653 | # | # | |a Tensile property |
| 653 | # | # | |a Thermal property |
| 700 | # | # | |a Le Duc Giang. |
| 700 | # | # | |a Mai Duc Huynh. |
| 700 | # | # | |a Nguyen Thi Thu Trang. |
| 700 | # | # | |a Nguyen Thuy Chinh. |
| 700 | # | # | |a Nguyen Vu Giang. |
| 700 | # | # | |a Thai Hoang. |
| 700 | # | # | |a Trần Thị Mai. |
| 700 | # | # | |a Tran Huu Trung. |
| 773 | # | # | |t Hóa học |g Số 2, 2016, tr. 152-158 |
| 920 | # | # | |a Phòng Tạp chí -- Trung tâm Thông tin - Thư viện Trường Đại học Đà Lạt |
| 994 | # | # | |a DLU |
| 900 | # | # | |a True |
| 911 | # | # | |a Hoàng Thị Huyền |
| 925 | # | # | |a G |
| 926 | # | # | |a A |
| 927 | # | # | |a BB |
| 980 | # | # | |a Thư viện Trường Đại học Đà Lạt |